[Event "27th CRO-chT 1B-Men 2018"]
[Site "Biograd"]
[Date "2018.09.20"]
[Round "6.19"]
[White "Sprenger, Jan Michael"]
[Black "Saric, Ante"]
[Result "1/2-1/2"]
[WhiteElo "2490"]
[BlackElo "2535"]
[Annotator "TA"]
[PlyCount "81"]
[EventDate "2018.09.15"]
[EventType "team-tourn"]
[EventCountry "CRO"]
[SourceTitle "playchess.com"]
[Source "ChessBase"]
[SourceQuality "1"]

{[%evp 12,81,25,2,27,0,4,-4,2,-2,45,25,39,26,12,13,32,39,14,14,11,0,10,2,38,40,30,30,37,28,43,33,111,28,35,41,34,33,32,33,31,18,50,50,50,50,50,54,54,43,50,2,2,2,2,2,3,3,8,0,10,0,0,0,13,0,0,0,0,0,0,0]} 1. e4 e6 2. d4 d5 3. Nd2 c5 4. Ngf3 cxd4 5. Nxd4 Nf6 6. exd5 Nxd5 7. c3 {LiveBook: 6 Games. C07: French Tarrasch: 3...c5, 4 Ngf3 and 4 exd5 Qxd5} (7. N2f3 Bb4+ 8. Bd2 O-O 9. c3 Be7 10. Bd3 b6 11. O-O Bb7 12. Qe2 Nc6 13. Rad1 Nxd4 14. Nxd4 Bf6 {0-1 (38) Gao,R (2561)-Yu,Y (2759) Tianjin 2018}) (7. N2f3 Bb4+ 8. Bd2 O-O 9. Bxb4 Nxb4 10. c3 N4c6 11. Nb5 a6 12. Nd6 b5 13. Bd3 Ra7 14. Nxc8 Rd7 {½-½ (30) Sprenger,J (2520)-Saric,A (2544) Mali Losinj 2017}) 7... Bd7 8. Ne4 Be7 9. Qg4 g6 $146 {[#] aiming for ...f5.} ({Predecessor:} 9... O-O 10. Bh6 Bf6 11. O-O-O Be5 12. f4 Ne3 13. Qh3 Bxd4 14. Rxd4 Nf5 {1-0 (33) Karthikeyan,M (2530)-Lenderman,A (2581) London 2016}) 10. Qg3 Qb6 11. Bc4 Nc6 12. Nb3 O-O 13. O-O Qc7 14. Qxc7 Nxc7 15. Rd1 Rfd8 16. Bf4 e5 17. Bg5 Be6 (17... Bxg5 {looks sharper.} 18. Nxg5 Be8 19. Ne4 Rxd1+ 20. Rxd1 Rd8) 18. Bxe6 {[#] And now Bxe7 would win.} Nxe6 19. Bxe7 Nxe7 20. Nbc5 Nxc5 21. Nxc5 Rxd1+ 22. Rxd1 $11 {[%mdl 4096] Endgame KRN-KRN} b6 23. Nd7 Nc6 24. b4 {[%cal Bb2b4,Bb4b5][%mdl 32]} Rc8 25. g3 Kg7 26. b5 Nb8 {Threatens to win with ...Rd8.} 27. Nxe5 Rc5 28. Nd7 Nxd7 29. Rxd7 Rxb5 30. Rxa7 $14 {KR-KR} Rc5 31. Ra6 Rxc3 {The position is equal.} 32. Rxb6 Ra3 33. Rb2 g5 34. Kf1 Kg6 35. Ke1 Kf5 36. h3 h5 37. Kf1 h4 38. Kg2 hxg3 39. fxg3 Kg6 40. g4 f6 41. Re2 {Precision: White = 55%, Black = 73%.} 1/2-1/2

[Event "27th CRO-chT 1B-Men 2018"]
[Site "Biograd"]
[Date "2018.09.20"]
[Round "6.20"]
[White "Galyas, Miklos"]
[Black "Seyb, Alexander"]
[Result "1/2-1/2"]
[WhiteElo "2512"]
[BlackElo "2388"]
[Annotator "TA RC"]
[PlyCount "43"]
[EventDate "2018.09.15"]
[EventType "team-tourn"]
[EventCountry "CRO"]
[SourceTitle "playchess.com"]
[Source "ChessBase"]
[SourceQuality "1"]

{[%evp 21,43,35,35,32,35,32,41,6,61,32,26,29,32,29,39,24,33,34,22,0,0,0,0,-27]} 1. Nf3 g6 2. e4 d6 3. d4 Nf6 4. Nc3 Bg7 5. Be2 O-O 6. O-O c6 7. a4 Qc7 8. Bf4 Nbd7 9. e5 dxe5 10. Nxe5 Nxe5 {B08: Pirc Defence: Classical System} 11. Bxe5 Qa5 {LiveBook: 4 Games} 12. Bc4 Bf5 $146 {White is slightly better.} ({Predecessor:} 12... Ng4 13. Bxg7 Kxg7 14. h3 Nf6 15. Qe2 Qb4 16. Bb3 Bd7 17. Qe5 Qd6 18. Rfe1 {½-½ (26) Rozentalis,E (2581)-Tkachiev,V (2661) Heraklio 2007}) 13. Qe2 Bh6 14. h3 Rad8 ({Black should play} 14... Nd7 $11) 15. Rad1 Nd5 16. Nxd5 cxd5 17. Bb3 Bd7 18. Qf3 Bc6 19. Rfe1 Qb4 20. Bf4 {The position is equal.} Bxf4 21. Qxf4 Rfe8 22. Qd2 {Precision: White = 37%, Black = 81%.} 1/2-1/2

[Event "27th CRO-chT 1B-Men 2018"]
[Site "Biograd"]
[Date "2018.09.20"]
[Round "6.21"]
[White "Rade, Miroslav"]
[Black "Saric, Ibro"]
[Result "1/2-1/2"]
[WhiteElo "2395"]
[BlackElo "2546"]
[Annotator "TA"]
[PlyCount "46"]
[EventDate "2018.09.15"]
[EventType "team-tourn"]
[EventCountry "CRO"]
[SourceTitle "playchess.com"]
[Source "ChessBase"]
[SourceQuality "1"]

{[%evp 15,46,36,46,44,38,11,16,20,21,12,14,0,0,0,0,0,0,-2,-5,-7,-2,-6,-5,-13,0,0,0,0,18,5,5,5,7]} 1. e4 d6 2. d4 Nf6 3. Nc3 g6 4. Nf3 Bg7 5. Be2 O-O 6. O-O Nc6 7. d5 Ne5 8. Nxe5 dxe5 9. Bg5 {B08: Pirc Defence: Classical System} e6 (9... h6 10. Bh4 Ne8 11. Na4 g5 12. Bg3 Nd6 13. f3 e6 14. c4 exd5 15. cxd5 f5 16. Qc2 f4 17. Bf2 b6 18. Rfc1 {1-0 (42) Jakovenko,D (2714)-Bocharov,D (2611) Novosibirsk 2016}) 10. Qc1 $146 ({Predecessor:} 10. Bc4 exd5 11. Nxd5 c6 12. Nxf6+ Bxf6 13. Qxd8 Bxd8 14. Bh6 Re8 15. Be3 b5 16. Bb3 Bb6 {½-½ (55) Motrenko,N-Kovalchuk,A Kiev 2003}) 10... exd5 {The position is equal.} 11. Nxd5 {[#] Strongly threatening Rd1.} c6 12. Nxf6+ Bxf6 13. Rd1 (13. Bh6 {is more complex.} Re8 14. a4 Be6 15. Be3 Qa5 16. Qe1) 13... Bxg5 14. Rxd8 Bxc1 15. Rxf8+ Kxf8 16. Rxc1 $11 {[%mdl 4096] Endgame KRB-KRB} Be6 17. Rd1 a5 18. a3 Ke7 19. f3 {[%cal Bf2f3,Bf3f4,Bf4e5][%mdl 32]} f5 20. exf5 gxf5 21. f4 Bd5 22. fxe5 Rg8 23. g3 f4 {Precision: White = 63%, Black = 52%.} 1/2-1/2

[Event "27th CRO-chT 1B-Men 2018"]
[Site "Biograd"]
[Date "2018.09.20"]
[Round "6.22"]
[White "Plenca, Julijan"]
[Black "Muha, Miljenko"]
[Result "1-0"]
[WhiteElo "2417"]
[BlackElo "2364"]
[Annotator "TA"]
[PlyCount "131"]
[EventDate "2018.09.15"]
[EventType "team-tourn"]
[EventCountry "CRO"]
[SourceTitle "playchess.com"]
[Source "ChessBase"]
[SourceQuality "1"]

{[%evp 26,131,29,37,41,29,31,31,62,29,118,112,145,140,133,158,186,178,200,192,220,210,222,211,204,174,168,183,629,626,497,433,643,581,785,476,460,430,661,587,727,671,1233,1275,1169,555,543,534,531,525,533,492,410,228,395,400,351,360,660,614,806,812,1022,770,6401,6401,6380,6191,5302,359,417,0,5305,5289,1891,231,239,213,212,160,159,21,245,162,146,157,451,451,418,446,387,399,451,443,1141,645,902,1064,29967,29971,29974,29975,29984,29985,29984,29985,29985,29986]} 1. e4 d6 2. d4 Nf6 3. Nc3 e5 4. Nf3 Nbd7 5. Bc4 Be7 6. a4 O-O 7. h3 c6 8. O-O a5 9. Re1 Nb6 {C41: Philidor Defence} 10. Ba2 Nfd7 11. Be3 exd4 12. Qxd4 Nc5 13. Rad1 Be6 14. Bxe6 {LiveBook: 45 Games} fxe6 15. e5 {[%cal Re5d6]} d5 16. Qg4 Qd7 17. b3 {aiming for Bxc5.} Rae8 $146 (17... Qe8 $11 {remains equal.}) 18. Ne2 $16 Na8 19. Nf4 Rf7 20. Nh5 $36 {[%mdl 2048] White is on the roll.} Kh8 21. h4 $1 b6 22. Ng5 Bxg5 23. hxg5 Rf5 24. g6 hxg6 25. Nf4 ({Don't do} 25. Qxg6 $6 Qf7 $16) 25... Qf7 26. Nxg6+ Kg8 $2 (26... Kh7) 27. Bxc5 $18 bxc5 28. f4 Qa7 (28... c4 $142 29. Kh2 Nb6) 29. c4 Nb6 30. Re3 Nc8 31. Rh3 Qb7 (31... Ne7 $142 32. Nh4 Qd7 33. Nxf5 Nxf5) 32. Nh4 {[%cal Bg6h4,Bh4f3,Bf3g5][%mdl 32]} Rff8 33. Nf3 Qf7 34. Ng5 {Intending Qh4 and mate.} Qg6 35. Rh4 (35. Qh4 $142 {[%csl Gh3][%cal Rh4h8]} Qh6 36. Qg3) 35... Rf5 36. Qh3 {[%csl Gh3][%cal Rh4h8]} Kf8 37. cxd5 cxd5 38. Qc3 {White threatens Rh8+ and mate.} Kg8 39. Qxc5 (39. Rf1 $142) 39... Rxg5 $2 (39... Ne7 {keeps fighting.} 40. Qxa5 Nc6) 40. fxg5 Qxg5 41. Qc6 {[%cal Rc6e8]} Qe7 $2 (41... Qg6 42. Qc3 Ne7 43. Qxa5 Nf5) 42. Rh3 {Hoping for Rf1.} Rf8 43. Qc2 Qa7+ 44. Kh1 {White wants to mate with Qh7+.} Ne7 45. Qh7+ Kf7 46. Rf1+ Nf5 47. Qh5+ $2 (47. Rh6 Ke7 48. Rxf5 $1 {[%mdl 512]} Rxf5 49. Qxg7+ Rf7 50. Qxf7+ $1 {[%mdl 512]} Kxf7 51. Rh7+ Ke8 52. Rxa7) 47... Kg8 48. Qh7+ (48. Rd1 $142) 48... Kf7 49. Rh6 Qe7 50. Rf6+ $2 (50. Rxf5+ Ke8 51. Rxf8+ Kxf8 52. Qh8+ Kf7 53. Rh3) 50... Ke8 51. Rxf8+ Qxf8 {[%mdl 4096] Endgame KQR-KQN} 52. Qg6+ Kd7 53. Rf3 (53. Rc1 $16) 53... Qe7 $2 (53... Qb4 $1 $11) 54. Qg4 Qa3 {[#]} 55. Kh2 $1 Qb2 $2 (55... Qc5 $16 56. Qg6 Qe7) 56. Rxf5 $1 exf5 57. Qxg7+ {KQ-KQ} Kc6 58. Qf6+ Kc5 59. Qf8+ Kd4 (59... Kb6 $142 60. Qd6+ (60. Qxf5 Qxb3 61. Qf6+ Kb7 $18) 60... Ka7 61. Qxd5 Qc3) 60. Qxf5 Qe2 61. e6 {[%cal Be5e6,Be6e7][%mdl 32]} Kc5 62. Qf8+ {White mates.} Kd4 63. e7 Qh5+ 64. Kg1 Qd1+ 65. Qf1 Qh5 66. Qf2+ {Precision: White = 67%, Black = 26%.} 1-0

[Event "27th CRO-chT 1B-Men 2018"]
[Site "Biograd"]
[Date "2018.09.20"]
[Round "6.23"]
[White "Ivic, Mateo"]
[Black "Bobanac, Miro"]
[Result "0-1"]
[WhiteElo "2223"]
[BlackElo "2288"]
[Annotator "TA"]
[PlyCount "82"]
[EventDate "2018.09.15"]
[EventType "team-tourn"]
[EventCountry "CRO"]
[SourceTitle "playchess.com"]
[Source "ChessBase"]
[SourceQuality "1"]

{[%evp 19,82,79,68,-8,84,37,47,13,35,0,37,0,25,18,14,16,24,13,26,19,22,0,0,0,0,0,11,0,0,0,0,-23,-17,-50,-52,-196,-23,-19,0,-5,-39,-127,-127,-148,0,0,0,0,0,-58,-44,-720,-712,-29992,0,0,0,-1816,-1704,-1634,-1483,-1157,-744,-29982,-29983]} 1. e4 Nf6 2. e5 Nd5 3. d4 d6 4. Nf3 Bg4 5. Be2 e6 6. O-O Be7 7. c4 Nb6 8. Be3 O-O 9. Nc3 a5 10. exd6 cxd6 11. Rc1 $146 {B05: Alekhine's Defence: 4 Nf3 Bg4} ({White should try} 11. Qb3 $14) ({Predecessor:} 11. Qb3 N8d7 12. h3 Bxf3 13. Bxf3 Qc7 14. Be2 Rfc8 15. Rfc1 Qd8 16. Nb5 a4 17. Qd1 Nf6 18. b3 Ne8 {½-½ (71) Shchekachev,A (2592)-Bauer,C (2582) Senat 2003}) 11... Nc6 (11... Bxf3 $1 $11 12. gxf3 (12. Bxf3 Nxc4 13. Bxb7 Ra7 $11) 12... d5) 12. b3 d5 13. c5 {White is slightly better.} Nd7 14. h3 Bh5 15. a3 Nf6 (15... Bxf3 $5 16. Bxf3 b6 $14) 16. Ne5 Bxe2 17. Nxe2 Nd7 18. f4 f6 19. Nf3 f5 20. Rb1 Nf6 21. b4 axb4 22. axb4 Ne4 23. Qd3 Bf6 24. b5 Na5 $36 {[%mdl 2048] Black has the initiative.} 25. Rfc1 Nc4 26. Ne5 Bxe5 27. fxe5 (27. dxe5 $15 Ra4 28. c6) 27... g5 $2 (27... Qh4 $19 28. Rxc4 dxc4 29. Qxc4 f4 30. Nxf4 Rxf4 31. Qxe6+ Kh8 32. Bxf4 Qf2+ 33. Kh1 Qxf4) 28. Ra1 $1 $11 Qd7 (28... Rxa1 {feels hotter.} 29. Rxa1 f4 30. Bc1 Qe8 31. Nc3 Ng3) 29. Rxa8 Rxa8 30. c6 (30. Nc3 $15) 30... bxc6 $17 31. bxc6 {[#]} Qxc6 {[#]} (31... Qc7 $1 $17 {White must now prevent ...Ra3.} 32. Rxc4 dxc4 33. Qxc4 Kf7) 32. Bxg5 $1 $11 {[%mdl 512]} Qe8 {...Ra3 is the strong threat.} (32... Nxg5 33. Qg3) 33. Bf6 Qh5 34. Ng3 (34. Nf4 $11 Qh6 35. Qf3) 34... Qh6 $1 $15 {[%csl LRc1,LRf6]} 35. Rxc4 $4 {[%mdl 8192]} (35. Ne2 $15) 35... dxc4 $19 36. Qxc4 Re8 $2 (36... Qe3+ {mates} 37. Kh1 Ra1+ 38. Nf1 Ng3+ 39. Kh2 Nxf1+ 40. Qxf1 Rxf1 41. Bh4 f4 42. Bf2 Qxf2 43. h4 Qxh4#) 37. Nxe4 $11 fxe4 38. d5 $2 {[%mdl 8192]} (38. Qc6 $11 Qg6 39. d5 exd5 40. Qxd5+ Qf7 41. Qd4) 38... Qe3+ $19 39. Kh2 Qf4+ 40. Kg1 Ra8 {( -> ...Ra1+)} 41. Qd4 Rc8 {Precision: White = 18%, Black = 48%.} 0-1

[Event "27th CRO-chT 1B-Men 2018"]
[Site "Biograd"]
[Date "2018.09.20"]
[Round "6.24"]
[White "Brulic, Denis"]
[Black "Curic, Drazen"]
[Result "1-0"]
[WhiteElo "2232"]
[BlackElo "2133"]
[Annotator "TA"]
[PlyCount "85"]
[EventDate "2018.09.15"]
[EventType "team-tourn"]
[EventCountry "CRO"]
[SourceTitle "playchess.com"]
[Source "ChessBase"]
[SourceQuality "1"]

{[%evp 14,85,48,16,14,22,14,0,24,-2,44,8,17,-20,53,47,63,62,56,41,53,33,49,13,53,39,88,89,85,37,31,30,38,37,50,58,140,70,81,48,58,56,302,239,247,161,166,166,165,162,153,79,387,362,480,470,435,411,500,465,997,954,1206,1200,1179,1165,1200,1190,1184,1155,1106,1083,1011,715]} 1. Nf3 b6 2. g3 Bb7 3. Bg2 g6 4. O-O Bg7 5. c4 f5 6. d4 Nf6 7. Nc3 O-O 8. d5 Na6 {A85: Dutch Defence: 2 c4 Nf6 3 Nc3} 9. Ng5 $146 ({Predecessor:} 9. e4 Nxe4 10. Nxe4 fxe4 11. Ng5 Nc5 12. Nxe4 Nxe4 13. Bxe4 e6 14. Rb1 Qf6 15. Be3 Rae8 16. Bg2 {½-½ (28) Arsovic,Z (2455)-Predojevic,B (2637) Sarajevo 2012}) 9... h6 10. Nf3 {[%cal Bg5f3,Bf3d4,Bd4b5,Bb5a3][%mdl 32]} Nc5 {The position is equal.} 11. Nd4 Qe8 12. Ndb5 Qc8 13. f3 e5 ({Black should try} 13... c6 $11 14. Na3 cxd5 15. cxd5 e6) 14. b4 $14 Na6 $1 15. Rb1 $36 {[%mdl 2048] White has good play.} Ne8 16. e4 c6 17. Na3 $1 f4 18. Qd3 Kh7 19. Nc2 c5 20. b5 Nb4 21. Qe2 {Hoping for Na1.} Nxc2 22. Qxc2 Qd8 23. Ne2 {[%cal Rg3f4]} g5 24. Bh3 Nd6 (24... Bc8 $14) 25. Kh1 (25. gxf4 $16 gxf4 {[#]} 26. Nxf4 $1 {[%mdl 512]}) 25... Kh8 26. Bb2 a6 27. gxf4 gxf4 $2 ({Black should play} 27... axb5 $14 28. Bxe5 Bxe5 29. fxe5 Nxc4) 28. Rg1 $18 Qe7 29. a4 axb5 30. axb5 ({Don't play} 30. cxb5 $6 Bf6 $14) 30... Rf7 31. Rg6 Rf6 32. Rg4 (32. Rbg1 $142 Rxg6 33. Rxg6) 32... h5 $2 {[%mdl 8192]} (32... Nf7 $16) 33. Rg5 Nf7 34. Rg2 Bh6 35. Rbg1 Rd6 36. Bf5 {[%cal Bh3f5,Bf5g6,Bg6h5][%mdl 32] White is clearly winning.} Bg5 (36... Rf8 $142 37. Qc3 Rf6) 37. Qc3 Re8 {[#]} 38. Rxg5 $1 {[%mdl 512]} Nxg5 (38... Qxg5 39. Rxg5) 39. Nxf4 Nf7 40. Ng6+ Rxg6 41. Bxg6 d6 42. f4 {Intending fxe5 and mate.} Bc8 43. Bxh5 {Precision: White = 64%, Black = 41%.} 1-0

[Event "27th CRO-chT 1B-Men 2018"]
[Site "Biograd"]
[Date "2018.09.20"]
[Round "6.25"]
[White "Pap, Misa"]
[Black "Brkic, Ante"]
[Result "1/2-1/2"]
[WhiteElo "2482"]
[BlackElo "2565"]
[Annotator "TA"]
[PlyCount "67"]
[EventDate "2018.09.15"]
[EventType "team-tourn"]
[EventCountry "CRO"]
[SourceTitle "playchess.com"]
[Source "ChessBase"]
[SourceQuality "1"]

{[%evp 28,67,-3,-12,-3,-10,-4,-4,-6,-5,0,-3,-2,-3,0,0,0,0,0,-8,-10,-22,-1,-15,-15,-16,-6,-6,-14,-20,-7,-7,-7,-8,0,0,0,0,0,0,0,0]} 1. e4 c5 2. c3 Nf6 3. e5 Nd5 4. Nf3 Nc6 5. d4 cxd4 6. Bc4 Nb6 7. Bb3 d5 8. exd6 Qxd6 9. O-O Be6 10. Na3 dxc3 11. Nb5 Qxd1 12. Rxd1 Rc8 13. Bxe6 fxe6 14. bxc3 g6 {B22: Sicilian: 2 c3} 15. Ng5 {LiveBook: 5 Games. The position is equal.} e5 16. Be3 Bh6 17. Nxa7 $146 ({Predecessor:} 17. Ne6 Bxe3 18. Nbc7+ Kf7 19. fxe3 g5 20. e4 Kg6 21. Rf1 Nd8 22. Rf5 Nxe6 23. Nxe6 h6 24. Raf1 Nd7 25. Rf7 Rh7 26. Rxh7 Kxh7 27. Rf7+ Kg6 28. Rxe7 Nc5 {½-½ (28) Lehner,O (2315)-Popovic,P (2520) Vienna 1994}) 17... Nxa7 18. Bxb6 Bxg5 19. Bxa7 Rxc3 20. Rdb1 Kf7 21. Rxb7 Rhc8 {[#] ( -> ...Rc1+)} 22. g3 Ra3 23. Bb8 e4 24. Bd6 Rf3 {Black wants to play ...Rc2.} 25. Re1 Rc6 26. Bb4 e3 27. fxe3 Rc2 28. a4 {[%cal Ba2a4,Ba4a5][%mdl 32]} Rb2 29. a5 $1 Bxe3+ 30. Kh1 $132 {[%mdl 2048] White is fighting back} Rxb4 31. Rxb4 Bd2 $1 {[%csl LRb4,LRe1]} 32. Reb1 Bxb4 33. Rxb4 {[#] Rf4+ is the strong threat.} Ra3 34. Rb5 {Precision: White = 92%, Black = 69%.} 1/2-1/2

[Event "27th CRO-chT 1B-Men 2018"]
[Site "Biograd"]
[Date "2018.09.20"]
[Round "6.26"]
[White "Kadric, Denis"]
[Black "Nikcevic, Nebojsa"]
[Result "1/2-1/2"]
[WhiteElo "2543"]
[BlackElo "2428"]
[Annotator "TA RC"]
[PlyCount "47"]
[EventDate "2018.09.15"]
[EventType "team-tourn"]
[EventCountry "CRO"]
[SourceTitle "playchess.com"]
[Source "ChessBase"]
[SourceQuality "1"]

{[%evp 11,47,22,35,23,21,3,2,0,1,0,0,-13,6,-7,4,0,39,0,15,-8,-4,6,0,-16,15,-26,-18,-38,-30,-98,-51,-71,0,-46,-29,-79,-23,-62]} 1. e4 e5 2. Bc4 Nf6 3. d3 c6 4. Nf3 Be7 5. O-O d6 6. Re1 O-O 7. Nbd2 {C24: Bishop's Opening: 2...Nf6} Nbd7 8. a3 a5 (8... Nc5 9. Ba2 Be6 10. Nc4 b5 11. Ne3 Bxa2 12. Rxa2 g6 13. Bd2 Re8 14. b4 Na4 {½-½ (48) Grischuk,A (2792)-Aronian,L (2815) Flor & Fjaere 2014}) 9. Ba2 {The position is equal.} Nc5 10. Nf1 Be6 11. Bb1 $146 ({Predecessor:} 11. Bxe6 Nxe6 12. a4 Qc7 13. b3 Nd7 14. Ne3 Ndc5 {½-½ (47) Gerasimov,V (2331)-Dobrica,D (2340) ICCF email 2009}) 11... g6 12. h3 Re8 13. Ng5 Bd7 14. c3 d5 15. exd5 Nxd5 16. Nf3 Bf6 17. Bc2 Qc7 18. Ng3 Bg7 19. Bd2 Ne6 20. Qe2 (20. Bb3 $11 {remains equal.}) 20... Nef4 21. Qf1 Ne6 (21... a4 $17) 22. Rad1 f5 23. Bc1 Rad8 (23... c5 $17) 24. Ne2 {Precision: White = 16%, Black = 51%.} 1/2-1/2

[Event "27th CRO-chT 1B-Men 2018"]
[Site "Biograd"]
[Date "2018.09.20"]
[Round "6.27"]
[White "Matkovic, Tonci"]
[Black "Maier, Christian"]
[Result "*"]
[WhiteElo "2274"]
[BlackElo "2357"]
[Annotator "ChessBase"]
[PlyCount "32"]
[EventDate "2018.09.15"]
[EventType "team-tourn"]
[EventCountry "CRO"]
[SourceTitle "playchess.com"]
[Source "ChessBase"]
[SourceQuality "1"]
[TimeControl "40/5400+30:1800+30"]

1. e4 {[%emt 0:00:30]} e5 {[%emt 0:00:30]} 2. Nf3 {[%emt 0:00:00]} Nc6 {[%emt 0:00:00]} 3. Bb5 {[%emt 0:00:00]} a6 {[%emt 0:00:00]} 4. Ba4 {[%emt 0:00:00]} Nf6 {[%emt 0:00:30]} 5. O-O {[%emt 0:00:00]} b5 {[%emt 0:00:30]} 6. Bb3 {[%emt 0:00:30]} Bb7 {[%emt 0:02:30]} 7. Re1 {[%emt 0:05:30]} Bc5 {[%emt 0:04:30]} 8. c3 {[%emt 0:00:30]} d6 {[%emt 0:00:00]} 9. d4 {[%emt 0:00:30]} Bb6 {[%emt 0:00:00]} 10. Be3 {[%emt 0:05:30]} O-O {[%emt 0:05:30]} 11. d5 {[%emt 0:00:30]} Ne7 {[%emt 0:00:30]} 12. Bxb6 {[%emt 0:00:30]} cxb6 {[%emt 0:00:30]} 13. Nbd2 {[%emt 0:12:30]} Ng6 {[%emt 0:00:30]} 14. Nf1 {[%emt 0:05:30]} Bc8 {[%emt 0:00:30]} 15. Bc2 {[%emt 0:04:30]} Nh5 {[%emt 0:14:30]} 16. Nxe5 {[%emt 0:04:30]} Nxe5 {[%emt 0:00:30]} *

[Event "27th CRO-chT 1B-Men 2018"]
[Site "Biograd"]
[Date "2018.09.20"]
[Round "6.28"]
[White "Stocko, Josip"]
[Black "Vlaic, Branko"]
[Result "1-0"]
[WhiteElo "2322"]
[BlackElo "2246"]
[Annotator "TA"]
[PlyCount "97"]
[EventDate "2018.09.15"]
[EventType "team-tourn"]
[EventCountry "CRO"]
[SourceTitle "playchess.com"]
[Source "ChessBase"]
[SourceQuality "1"]

{[%evp 11,97,0,40,39,24,0,30,38,35,20,13,14,18,16,95,92,85,83,123,113,174,157,196,203,204,188,210,197,197,211,208,178,198,143,239,235,235,225,214,204,229,215,244,206,256,184,170,165,167,147,151,118,116,65,103,103,162,162,162,162,171,170,170,178,178,178,248,235,232,288,612,561,729,721,697,687,554,390,805,782,29995,29996,29996,29994,29997,29998,29998,29999]} 1. e4 e6 2. d4 d5 3. Nc3 Bb4 4. e5 Ne7 5. a3 Bxc3+ 6. bxc3 Nd7 {LiveBook: 3 Games. C16: French: 3 Nc3 Bb4 4 e5: Lines without ...c5} (6... b6 7. Qg4 Kf8 8. Nh3 Ba6 9. Bxa6 Nxa6 10. Nf4 Nb8 11. Nh5 Nf5 12. Bg5 Qe8 13. O-O h6 14. Bd2 Qa4 15. Qd1 Nd7 {1-0 (44) Aronian,L (2767)-Caruana,F (2822) chess.com INT 2018}) 7. Qg4 O-O 8. h4 f5 {The position is equal.} 9. Qg3 c5 10. Bh6 {[%csl Gh6][%cal Rg3g7]} Rf7 $1 11. Nf3 $146 {Black must now prevent Ng5.} ({Predecessor:} 11. Nh3 f4 12. Bxf4 Nf5 13. Qd3 cxd4 14. cxd4 {½-½ (56) Warbruck,A (1845)-Muenter,R Germany 1988}) 11... Qa5 12. Bd2 $36 {[%mdl 2048] Black is under pressure.} Qb6 (12... Nc6 $11) 13. Bd3 $16 Nc6 {[%cal Rc5d4]} 14. O-O c4 15. Be2 Nf8 (15... Qa5 $16) 16. h5 {[%cal Bh4h5,Bh5h6][%mdl 32]} Bd7 17. Ng5 Re7 18. Nh3 Be8 19. Bg5 Rf7 20. h6 g6 21. Nf4 Nd8 22. Nh5 (22. a4 $18) 22... Nd7 (22... Ba4 $16 23. Rab1 Qa5) 23. Ng7 $18 Rxg7 24. hxg7 Kxg7 25. a4 {[%cal Ba3a4,Ba4a5][%mdl 32]} Nf7 26. Be7 Qc7 27. a5 Rc8 {[%cal Rd7e5]} 28. Bb4 Nb8 29. Qh4 g5 30. Qg3 Nc6 31. Bh5 h6 32. Bxf7 (32. f4 $16) 32... Bxf7 33. f4 g4 (33... Rg8 $16 {might work better.}) 34. Qh4 Qd8 35. Qxd8 Nxd8 36. Rfb1 {Strongly threatening Be7.} Be8 37. Be7 Bc6 38. Kf2 Nf7 {[#]} (38... Kf7 $142) 39. Bc5 $1 Ra8 40. a6 b6 $2 {[#]} (40... b5 41. g3 Kg6) 41. Bxb6 $1 {[%mdl 512]} axb6 42. Rxb6 Nd8 43. Rab1 Ba4 44. Rb8 Rxa6 $2 (44... Rxb8 45. Rxb8 Nc6) 45. Rxd8 {Intending Rb7+ and mate.} Bxc2 46. Rb7+ {White mates.} Kg6 47. Rg8+ Kh5 48. Rh7 Be4 49. Rg5+ {Precision: White = 73%, Black = 40%.} 1-0

[Event "27th CRO-chT 1B-Men 2018"]
[Site "Biograd"]
[Date "2018.09.20"]
[Round "6.29"]
[White "Malenica, Mario"]
[Black "Pucovski, Miroslav"]
[Result "1/2-1/2"]
[WhiteElo "2212"]
[BlackElo "2241"]
[Annotator "TA"]
[PlyCount "29"]
[EventDate "2018.09.15"]
[EventType "team-tourn"]
[EventCountry "CRO"]
[SourceTitle "playchess.com"]
[Source "ChessBase"]
[SourceQuality "1"]

{[%evp 18,29,-2,-2,0,0,0,-28,-31,-37,-2,-4,0,-14]} 1. c4 c6 2. Nf3 d5 3. g3 Bg4 4. Bg2 e6 5. b3 Nd7 6. Bb2 Ngf6 7. O-O Bd6 8. d3 O-O 9. Nbd2 a5 {[%cal Ba7a5,Ba5a4][%mdl 32] A12: English Opening: 1...c6 with b3 by White} (9... Qe7 10. h3 Bh5 11. a3 a5 12. Qc2 Rfc8 13. e4 dxe4 14. dxe4 e5 15. Nh4 Bc5 16. Kh1 Bg6 17. Nxg6 hxg6 18. Nf3 Rd8 19. Rfe1 Nh7 {0-1 (55) Nepomniachtchi,I (2751)-Salem,A (2633) Moscow 2017}) 10. Qc2 {LiveBook: 9 Games} a4 11. e4 dxe4 12. Nxe4 $146 ({Predecessor:} 12. dxe4 Qa5 13. Qd3 Qc7 14. Qe2 e5 15. h3 Bh5 {0-1 (66) Ionescu,D (2450)-Simeonidis,I (2313) Nikea 2002}) 12... Nxe4 13. dxe4 Bxf3 14. Bxf3 Be5 15. Rfd1 1/2-1/2